<?xml version="1.0" encoding="UTF-8"?>
<record
    xmlns:xsi="http://www.w3.org/2001/XMLSchema-instance"
    xsi:schemaLocation="http://www.loc.gov/MARC21/slim http://www.loc.gov/standards/marcxml/schema/MARC21slim.xsd"
    xmlns="http://www.loc.gov/MARC21/slim">

  <leader>00719nam a2200229Ia 4500</leader>
  <controlfield tag="003">OSt</controlfield>
  <controlfield tag="005">20220925194641.0</controlfield>
  <controlfield tag="006">a|||||r|||| 00| 0</controlfield>
  <controlfield tag="007">ta</controlfield>
  <controlfield tag="008">220923b        |||||||| |||| 00| 0 eng d</controlfield>
  <datafield tag="020" ind1=" " ind2=" ">
    <subfield code="a">9780745647517</subfield>
    <subfield code="c">691.53999999999996</subfield>
  </datafield>
  <datafield tag="037" ind1=" " ind2=" ">
    <subfield code="b">609, 15/12/2011, AVIVA BOOKS COMPANY</subfield>
    <subfield code="c">General Book</subfield>
  </datafield>
  <datafield tag="040" ind1=" " ind2=" ">
    <subfield code="a">RTL</subfield>
    <subfield code="c">RTL</subfield>
    <subfield code="b">eng</subfield>
  </datafield>
  <datafield tag="041" ind1=" " ind2=" ">
    <subfield code="2">eng</subfield>
    <subfield code="a">eng</subfield>
  </datafield>
  <datafield tag="082" ind1=" " ind2=" ">
    <subfield code="a">Y:3(S:55), Q0</subfield>
  </datafield>
  <datafield tag="100" ind1=" " ind2=" ">
    <subfield code="a">Luhmann Niklas</subfield>
  </datafield>
  <datafield tag="245" ind1=" " ind2="0">
    <subfield code="a">Love</subfield>
    <subfield code="b"> A sketch. Tr. by Kathleen Cross   </subfield>
  </datafield>
  <datafield tag="260" ind1=" " ind2=" ">
    <subfield code="a">Cambridge</subfield>
    <subfield code="b">Polity Press         </subfield>
    <subfield code="c">2010</subfield>
  </datafield>
  <datafield tag="300" ind1=" " ind2=" ">
    <subfield code="a">xiii, 96p</subfield>
    <subfield code="c">cm.</subfield>
  </datafield>
  <datafield tag="942" ind1=" " ind2=" ">
    <subfield code="h">Y:3(S:55), Q0</subfield>
    <subfield code="c">GB</subfield>
    <subfield code="2">CC</subfield>
  </datafield>
  <datafield tag="999" ind1=" " ind2=" ">
    <subfield code="c">530270</subfield>
    <subfield code="d">530270</subfield>
  </datafield>
</record>
